| 000 | 01044nam a2200277Ia 4500 | ||
|---|---|---|---|
| 003 | OSt | ||
| 005 | 20221005104244.0 | ||
| 006 | a|||||r|||| 00| 0 | ||
| 007 | ta | ||
| 008 | 221004b |||||||| |||| 00| 0 hin d | ||
| 020 |
_a8123011946 (hbk) _cINR 90.00 |
||
| 024 | _a42538 | ||
| 037 |
_b322, 11/03/2019, Eastern Book Linkers _cTextual |
||
| 040 |
_aCRL _cCRL _bhin |
||
| 041 |
_2hin _ahin |
||
| 082 | _aO152,3:g, P4 | ||
| 100 | _aमिश्र, उमाकान्त, ले. | ||
| 245 | 0 | _aकहानी आजकल | |
| 246 | _aKahānī ājakala | ||
| 260 |
_aदिल्ली _bप्रकाशन विभाग सूचना और प्रसारण मंत्रालय भारत _c2004 |
||
| 300 |
_a277पृ0 _ccm. |
||
| 650 | _a हिन्दी साहित्य | ||
| 650 | _aहिन्दी कहानी | ||
| 942 |
_hO152,3:g, P4 _cTEXL _2cc |
||
| 999 |
_c1012166 _d1012166 |
||